00764 a2200193 4500999001900000020001100019035001300030037003500043082001300078100001800091245012000109250001400229260004900243270005200292300002900344700002100373942002700394952014900421 c168063d168063 c670.00 aB-295866 bJai Prakasah Nath Publications14a540bAGA1 aAgarwal, O.P.1 aIIT chemistrybfor IIT joint entrance and other engineering entrance examinationscby O.P. Agarwal, Avinash Agarwal a125th ed. aMeerutbJai Prakasah Nath Publicationsc2009 aGrah Nauchandi chauraha,Garh Road,Meerut-250002 axx, 1286p.c24 cm (pbk) aAgarwal, Avinash adplcEN2ddch540mAGA 001040708NFICaRCbZLSd2019-09-25eJai Prakasah Nath Publicationsg670.00l0o540 AGApB-295866r2019-09-25 00:00:00v670.00w2019-09-25yEN